Se busca familia para un niño (Registro nro. 163754)
[ vista simple ]
| 000 -LEADER | |
|---|---|
| fixed length control field | 01189nam a22002657a 4500 |
| 007 - PHYSICAL DESCRIPTION FIXED FIELD--GENERAL INFORMATION | |
| fixed length control field | cr|||| |||| |
| 008 - FIXED-LENGTH DATA ELEMENTS--GENERAL INFORMATION | |
| fixed length control field | 150513s2015 es |||||s|||| 00||0 spa d |
| 020 ## - INTERNATIONAL STANDARD BOOK NUMBER | |
| International Standard Book Number | 978-84-9085-303-0 |
| 035 ## - | |
| -- | 12676 |
| 040 ## - CATALOGING SOURCE | |
| Original cataloging agency | vLex |
| 090 ## - | |
| -- | 5413 |
| -- | 5413 |
| 100 1# - MAIN ENTRY--PERSONAL NAME | |
| Personal name | Adroher Biosca, Salomé |
| 245 10 - TITLE STATEMENT | |
| Title | Se busca familia para un niño |
| Medium | [Recurso electrónico] : |
| Remainder of title | Perspectivas psico-jurídicas sobre la adoptabilidad / |
| Statement of responsibility, etc | Salomé Adroher Biosca, Blanca Gómez Bengoechea, Ana Berástegui Pedro-Viejo |
| 256 ## - | |
| -- | Servicio en línea |
| 260 ## - PUBLICATION, DISTRIBUTION, ETC. (IMPRINT) | |
| Place of publication, distribution, etc | Madrid: |
| Name of publisher, distributor, etc | Dykinson, |
| Date of publication, distribution, etc | 2015 |
| 300 ## - PHYSICAL DESCRIPTION | |
| Extent | 1 recurso electrónico |
| 506 1# - RESTRICTIONS ON ACCESS NOTE | |
| Terms governing access | Disponible solo en los productos indicados |
| Authorized users | vLex Global |
| -- | vLex Global (Academic Edition, excluding Law Schools) |
| -- | vLex Global (U.S. Academic Edition, Law Schools) |
| -- | vLex Global (U.S. Academic Edition, excluding Law Schools) |
| -- | vLex Global (Academic Edition, Law Schools) |
| 650 04 - SUBJECT ADDED ENTRY--TOPICAL TERM | |
| Topical term or geographic name as entry element | Familia y Sucesiones |
| Geographic subdivision | España |
| 700 1# - ADDED ENTRY--PERSONAL NAME | |
| Personal name | Gómez Bengoechea, Blanca |
| 700 1# - ADDED ENTRY--PERSONAL NAME | |
| Personal name | Berástegui Pedro-Viejo, Ana |
| 740 0# - | |
| -- | vLex Libros (Servicio en línea) |
| 856 40 - LOCALIZACIÓN Y ACCESO ELECTRÓNICO | |
| Identificador Uniforme del Recurso (URI/URL) | https://app.vlex.com/#/sources/busca-familia-ni-o-12676 |
| 942 ## - | |
| -- | RAA |
| 999 ## - | |
| -- | 163754 |
| -- | 163754 |
No hay ítems disponibles.